[Event "Brno Trade op"]
[Site "Brno"]
[Date "2011.08.27"]
[Round "8"]
[White "Strnad, Ondrej"]
[Black "Bartosova, Lucie"]
[Result "1/2-1/2"]
[WhiteElo "1799"]
[BlackElo "1956"]
[PlyCount "88"]
[EventDate "2011.08.21"]
[EventType "swiss"]
[EventRounds "9"]
[EventCountry "CZE"]
[SourceTitle "CBM 144 Extra"]
[Source "ChessBase"]
[SourceDate "2011.10.28"]
[SourceVersion "1"]
[SourceVersionDate "2011.10.28"]
[SourceQuality "1"]

1. d4 Nf6 2. Nf3 d5 3. e3 Bg4 4. Be2 Bh5 5. c4 e6 6. Bd3 Be7 7. b3 0-0 8. Nbd2 Nc6 9. a3 Bg6 10. Bxg6 hxg6 11. 0-0 Nd7 12. Bb2 Kh7 13. Ne5 Ncxe5 14. dxe5 c6 15. Qc2 Rh8 16. b4 a6 17. c5 Kg8 18. Qc3 Nf8 19. f4 Nd7 20. Qc2 Bf8 21. Nf3 Rc8 22. Bd4 Qe8 23. Qb2 f6 24. exf6 gxf6 25. Rae1 Bg7 26. e4 Qf7 27. Re2 Re8 28. e5 f5 29. Ng5 Qe7 30. g3 Nf8 31. h4 Nh7 32. a4 Nxg5 33. hxg5 Kf7 34. Rh2 Rxh2 35. Kxh2 Qc7 36. a5 Rh8+ 37. Kg2 Bf8 38. Rh1 Kg8 39. Rxh8+ Kxh8 40. Qb1 Kg8 41. Qh1 Qd8 42. Qb1 Be7 43. Qc1 Qa8 44. Qb1 Qd8 1/2-1/2

[Event "Brno Trade op"]
[Site "Brno"]
[Date "2011.08.23"]
[Round "4"]
[White "Strnad, Ondrej"]
[Black "Zavadilova, Karolina"]
[Result "1/2-1/2"]
[WhiteElo "1799"]
[BlackElo "1755"]
[PlyCount "21"]
[EventDate "2011.08.21"]
[EventType "swiss"]
[EventRounds "9"]
[EventCountry "CZE"]
[SourceTitle "CBM 144 Extra"]
[Source "ChessBase"]
[SourceDate "2011.10.28"]
[SourceVersion "1"]
[SourceVersionDate "2011.10.28"]
[SourceQuality "1"]

1. d4 d6 2. Nf3 Bg4 3. c4 Nd7 4. e3 e5 5. Be2 exd4 6. Nxd4 Bxe2 7. Qxe2 g6 8. b3 Bg7 9. Bb2 Ngf6 10. 0-0 0-0 11. Nc3 1/2-1/2

[Event "Brno Duras op-A"]
[Site "Brno"]
[Date "2011.06.30"]
[Round "7"]
[White "Kladnak, Martin"]
[Black "Strnad, Ondrej"]
[Result "0-1"]
[WhiteElo "1579"]
[BlackElo "1799"]
[PlyCount "54"]
[EventDate "2011.06.25"]
[EventType "swiss"]
[EventRounds "9"]
[EventCountry "CZE"]
[SourceTitle "CBM 143 Extra"]
[Source "ChessBase"]
[SourceDate "2011.08.29"]
[SourceVersion "1"]
[SourceVersionDate "2011.08.29"]
[SourceQuality "1"]

1. e4 c5 2. Nf3 Nc6 3. d4 cxd4 4. Nxd4 g6 5. Nc3 Bg7 6. Be3 Nf6 7. Bc4 Qa5 8. 0-0 0-0 9. f4 d6 10. h3 Bd7 11. Kh1 Qh5 12. Be2 Qa5 13. Nb3 Qd8 14. Qd2 a6 15. g4 b5 16. Bf3 Rc8 17. h4 Bxg4 18. Bxg4 Nxg4 19. Rg1 Nxe3 20. Qxe3 b4 21. Ne2 Na5 22. Nxa5 Qxa5 23. f5 Qc5 24. Qf3 Qxc2 25. h5 Qd2 26. Nf4 Be5 27. Rg4 Rc2 0-1

[Event "Kouty nad Desnou op-A"]
[Site "Kouty nad Desnou"]
[Date "2011.03.18"]
[Round "8"]
[White "Dungl, Martin"]
[Black "Strnad, Ondrej"]
[Result "0-1"]
[WhiteElo "1957"]
[BlackElo "1786"]
[PlyCount "68"]
[EventDate "2011.03.12"]
[EventType "swiss"]
[EventRounds "9"]
[EventCountry "CZE"]
[SourceTitle "EXT 2014"]
[Source "ChessBase"]
[SourceDate "2013.11.20"]
[SourceVersion "1"]
[SourceVersionDate "2013.11.20"]
[SourceQuality "1"]

1. d4 Nf6 2. Nf3 g6 3. c4 Bg7 4. Nc3 d5 5. Bg5 Ne4 6. cxd5 Nxg5 7. Nxg5 e6 8. Nf3 exd5 9. e3 0-0 10. Be2 Be6 11. 0-0 c6 12. b4 Nd7 13. Na4 f5 14. Nc5 Nxc5 15. bxc5 f4 16. Rb1 Qc7 17. Rb3 Bh6 18. Ne5 fxe3 19. fxe3 b6 20. cxb6 axb6 21. Rxf8+ Kxf8 22. Qc2 Bf5 23. Qb2 c5 24. g4 Be4 25. dxc5 Bg7 26. cxb6 Qxe5 27. b7 Rb8 28. Qa3+ Qe7 29. Qa7 Be5 30. a4 Bxh2+ 31. Kf1 Bg3 32. Kg1 Qh4 33. Qc5+ Kg7 34. Qd4+ Kg8 0-1

[Event "Kouty nad Desnou op-A"]
[Site "Kouty nad Desnou"]
[Date "2011.03.12"]
[Round "1"]
[White "Strnad, Ondrej"]
[Black "Hosek, Martin"]
[Result "1-0"]
[WhiteElo "1786"]
[BlackElo "2008"]
[PlyCount "39"]
[EventDate "2011.03.12"]
[EventType "swiss"]
[EventRounds "9"]
[EventCountry "CZE"]
[SourceTitle "EXT 2014"]
[Source "ChessBase"]
[SourceDate "2013.11.20"]
[SourceVersion "1"]
[SourceVersionDate "2013.11.20"]
[SourceQuality "1"]

1. Nf3 Nf6 2. g3 d5 3. Bg2 c5 4. d3 Nc6 5. 0-0 Bg4 6. Nbd2 Qd7 7. e4 dxe4 8. dxe4 0-0-0 9. Qe2 e5 10. Nb3 Bd6 11. Re1 h5 12. Bg5 Qe6 13. Qe3 Nd4 14. Nbxd4 exd4 15. Qa3 Bxf3 16. Bxf3 Kb8 17. e5 Bxe5 18. Rxe5 Qh3 19. Bg2 Qg4 20. Bf4 1-0

[Event "Brno Duras op-A"]
[Site "Brno"]
[Date "2010.06.28"]
[Round "2"]
[White "Martisek, Karel"]
[Black "Strnad, Ondrej"]
[Result "1-0"]
[WhiteElo "1903"]
[BlackElo "1747"]
[PlyCount "61"]
[EventDate "2010.06.27"]
[EventType "swiss"]
[EventRounds "9"]
[EventCountry "CZE"]
[SourceTitle "CBM 137 Extra"]
[Source "ChessBase"]
[SourceDate "2010.09.01"]
[SourceVersion "1"]
[SourceVersionDate "2010.09.01"]
[SourceQuality "1"]

1. e4 c6 2. Nf3 d5 3. exd5 cxd5 4. d4 Nc6 5. Be2 Bf5 6. 0-0 Nf6 7. c3 e6 8. Re1 Bd6 9. h3 0-0 10. Nbd2 h6 11. Nf1 Qc7 12. Ne3 Bg6 13. Ng4 Ne4 14. Bb5 h5 15. Nge5 Nxe5 16. dxe5 Bc5 17. Be3 Qb6 18. Bxc5 Qxc5 19. Nd4 Rac8 20. Be2 h4 21. Bh5 Qb6 22. Bxg6 fxg6 23. Re2 Rf7 24. Qb3 Qxb3 25. axb3 a6 26. Nxe6 Re8 27. Nd4 Ref8 28. e6 Re7 29. Rae1 g5 30. f3 Nf6 31. Re5 1-0

[Event "CZE-ch U16"]
[Site "Kouty nad Desnou"]
[Date "2010.03.07"]
[Round "2"]
[White "Strnad, Ondrej"]
[Black "Meduna, Eduard1111"]
[Result "0-1"]
[WhiteElo "1769"]
[BlackElo "2422"]
[PlyCount "60"]
[EventDate "2010.03.06"]
[EventType "swiss"]
[EventRounds "9"]
[EventCountry "CZE"]
[SourceTitle "EXT 2012"]
[Source "ChessBase"]
[SourceDate "2011.11.24"]
[SourceVersion "1"]
[SourceVersionDate "2011.11.24"]
[SourceQuality "1"]

1. d4 Nf6 2. c4 e6 3. Nf3 d5 4. Nc3 c5 5. cxd5 exd5 6. Bg5 Be6 7. e3 Nc6 8. Bb5 a6 9. Ba4 b5 10. Bc2 c4 11. 0-0 Be7 12. b3 h6 13. Bh4 0-0 14. Qd2 b4 15. Ne2 Ne4 16. Bxe4 dxe4 17. Bxe7 Qxe7 18. Ne1 cxb3 19. axb3 Bxb3 20. Qb2 Bc4 21. g3 a5 22. Ng2 a4 23. Qc2 Bb5 24. Rfb1 Rfc8 25. Qd2 b3 26. Nc3 Bd3 27. Rb2 Qb4 28. Nb1 a3 29. Qxb4 Nxb4 30. Nxa3 Rxa3 0-1

[Event "Brno Duras op-A"]
[Site "Brno"]
[Date "2009.06.26"]
[Round "1"]
[White "Strnad, Ondrej"]
[Black "Balazec, Ludovit"]
[Result "1/2-1/2"]
[WhiteElo "1761"]
[BlackElo "2032"]
[PlyCount "106"]
[EventDate "2009.06.26"]
[EventType "swiss"]
[EventRounds "9"]
[EventCountry "CZE"]
[SourceTitle "CBM 131 Extra"]
[Source "ChessBase"]
[SourceDate "2009.09.03"]
[SourceVersion "2"]
[SourceVersionDate "2009.09.16"]
[SourceQuality "1"]

1. d4 d5 2. c4 e6 3. Nc3 Nf6 4. Bg5 Nbd7 5. Nf3 c6 6. e3 Qa5 7. Qc2 Bb4 8. a3 Ne4 9. Rc1 Bxc3+ 10. bxc3 Qxa3 11. Bd3 Nxg5 12. Nxg5 h6 13. Nf3 dxc4 14. Bxc4 0-0 15. 0-0 b5 16. Bd3 Qe7 17. Ra1 a5 18. Rfb1 Bb7 19. c4 b4 20. c5 Nf6 21. Ne5 Nd5 22. Nc4 Qc7 23. Rb2 Nc3 24. Nb6 Ra7 25. Rxb4 axb4 26. Rxa7 Nb5 27. Bxb5 cxb5 28. Qb3 Bd5 29. Rxc7 Bxb3 30. Rb7 Bc2 31. Nd7 Be4 32. Rb6 Rd8 33. Ne5 f6 34. Nf3 Ra8 35. h4 Bd3 36. c6 Rc8 37. Nd2 Bc4 38. Nxc4 bxc4 39. Rxb4 Rxc6 40. Rb2 Kf7 41. Kf1 Ke7 42. Ke2 Kd6 43. f3 g5 44. hxg5 hxg5 45. g4 e5 46. dxe5+ Kxe5 47. Rb5+ Kd6 48. Kd2 Ra6 49. f4 gxf4 50. exf4 Ra3 51. Rb6+ Ke7 52. g5 fxg5 53. fxg5 Kf7 1/2-1/2

[Event "CZE-ch Juniors op-B"]
[Site "Sec u Chrudimi"]
[Date "2008.03.13"]
[Round "7"]
[White "Strnad, Ondrej"]
[Black "Svach, Jan"]
[Result "0-1"]
[WhiteElo "1562"]
[BlackElo "1641"]
[PlyCount "80"]
[EventDate "2008.03.08"]
[EventType "swiss"]
[EventRounds "9"]
[EventCountry "CZE"]
[SourceTitle "EXT 2009"]
[Source "ChessBase"]
[SourceDate "2008.11.26"]
[SourceVersion "1"]
[SourceVersionDate "2008.11.26"]
[SourceQuality "1"]

1. e4 e5 2. Nf3 Nc6 3. Bb5 a6 4. Ba4 Nf6 5. 0-0 Be7 6. Re1 b5 7. Bb3 d6 8. c3 Na5 9. Bc2 c5 10. d4 Qc7 11. Nbd2 Bg4 12. h3 Bh5 13. d5 0-0 14. Nf1 b4 15. Rb1 Rfb8 16. Be3 Nc4 17. Bg5 bxc3 18. bxc3 Qa5 19. Bb3 Na3 20. Rc1 c4 21. Ba4 Bxf3 22. gxf3 Rb2 23. Bc6 Rab8 24. Re2 Rxe2 25. Qxe2 Nxd5 26. Bxe7 Nxe7 27. Bd7 Rb7 28. Bg4 Ng6 29. Ne3 Nf4 30. Qf1 Qc5 31. Rd1 Rb2 32. Re1 Nb5 33. Qxc4 Qxc4 34. Nxc4 Rxa2 35. Rd1 Ne2+ 36. Kf1 Nexc3 37. Rd3 Ne2 38. Nxe5 Nf4 39. Rd1 Nc3 40. Rc1 dxe5 0-1